Phát triển kinh tế của Nhật Bản

Salvato in:
Dettagli Bibliografici
Autore principale: Không rõ
Natura: Libro
Lingua:Vietnamese
Pubblicazione: DĐPT.VN 2007
Tags: Aggiungi Tag
Nessun Tag, puoi essere il primo ad aggiungerne! !
Thư viện lưu trữ: Mạng thư viện Đại học Đà Nẵng
LEADER 00616nam a2200277 4500
001 000026330
003 312
005 20150204120000.0
008 150204s vm 000 vie
020 |c 0,0000 
040 |a D1 
100 |a Không rõ 
245 |a Phát triển kinh tế của Nhật Bản 
260 |b DĐPT.VN  |c 2007 
300 |a 293tr. ; 
OWN |a LTT 
999 |a From the UDN01 
TYP |a Monograph 
TYP |a Printed language 
980 |a Mạng thư viện Đại học Đà Nẵng